Quizzes
Events
Quiz Creation
Community
Videos
Private Events
Remove Ads
Sign In
Join for FREE
Feedback
Dark Mode
Quiz Categories
Sports
Geography
Music
Movies
Television
Just For Fun
Miscellaneous
History
Literature
Language
Science
Gaming
Entertainment
Religion
Holiday
For Kids
Quiz Lab
Recent
Popular Today
Quiz Kudos Today
Editor Picks
Curator Picks
Quizzes by...
Day
Popularity
Type
Ratings
Length
Year
Community
Subscriptions
Recent Discussions
Orange Saloon
Badges
Playlists
Quests
Create
Leaderboards
Showdown
Live 5
Trivia Bingo
Activity
Puzzle Library
Sporcle Events
Private Events
Virtual Trivia
Globe League
Become a Host
Pub Owners
SporcleCon
Opinionation
Our Games
Videos
Blog
Mobile Apps
Partnerships
Remove Ads and Go Orange
Feedback
Sports
Athletes
MLB
NBA
NHL
NFL
Soccer
Sports Teams
WWE
NCAA
Football
Premier League
Basketball
Baseball
Hockey
Golf
Tennis
Cricket
Rugby
Auto Racing
Olympics
World Cup
Sports
Athletes
MLB
NBA
NHL
NFL
Soccer
Sports Teams
WWE
NCAA
Football
Premier League
Basketball
Baseball
Hockey
Golf
Tennis
Cricket
Rugby
Auto Racing
Olympics
World Cup
Random Quiz
Search Sporcle
×
Quiz Lab
Quiz Lab
Sports
NBA
Type in answers that appear in a list
Type in answers that appear in a list
Classic
Best Score? Go Orange.
100% IMPOSSIBLE NBA ANAGRAM GAME-KOT4Q Stats
Can you solve NBA ANAGRAM GAME-KOT4Q?
By
ryanrosa23
10m
30 Questions
157 Plays
157 Plays
157 Plays
Comments
Comments
Give Quiz Kudos
Give Quiz Kudos
-
- Ratings
hide this ad
Replay
Link that replays current quiz
Next Quiz
Link to next quiz in quiz playlist
You Got
0%
They Got
Avg Score
15%
Avg Friend Score
Upgrade to see
Score Distribution
Jump to the score distribution portion of the page
Score
0/30
Timer
10:00
0
Plays Today
Anagram
Player/Team
% Correct
Zonal Boll
lonzo ball
56.7%
Jab Solemner
lebron james
56.1%
Adam Stevens
Steven Adams
53.5%
Caplan Clite
clint capela
51.6%
Jer Torto Port
otto porter jr
22.3%
Milburt Jemy
jimmy butler
21.7%
Thema Amii
miami heat
20.4%
Logical Chubs
Chicago Bulls
17.2%
Puncher Treys
stephen curry
16.6%
Harod Flor
al horford
15.9%
Alrich Sup
chris paul
14.6%
Darya Beverly
avery bradley
14%
Abdella Brey
bradley beal
14%
Jobie Milde
joel embiid
12.7%
Tadashi Vonny
anthony davis
12.7%
Anagram
Player/Team
% Correct
Belsky Norton
Brooklyn Nets
12.1%
Eagle Group
paul george
10.8%
Evolve Ink
kevin love
10.2%
Budge Torry
rudy gobert
9.6%
Allana Mildrid
damian lillard
7%
Nada Gorrono
aaron gordon
6.4%
Dorran Joon
rajon rondo
6.4%
Karney Port
tony parker
5.1%
Robot Stocks
scott brooks
4.5%
Lincoln Josh
john collins
3.8%
Libre Ponzo
robin lopez
2.5%
Darners Annoy
ryan anderson
0%
Call Immanent
nate mcmillan
0%
Reels Tinny
tyler ennis
0%
Janitor Ya
Jay Triano
0%
Quiz Playlist
Details
Report
Send in Message
Add To Playlist
Classic:
Type in answers that appear in a list
Last Updated: Oct 25, 2017
Quiz Scoreboard
CHALLENGE
Sign Up to Join the Scoreboard
Show All
Scores
Hide
Comments
May contain spoilers
Recently Published
1-10 Letter E Words III
by El_Dandy
Language
2m
One Thing in Common: World Cities II
by knightlancer
Geography
7m
Popular People in 1961
by mucciniale
History
6m
More to Explore
Quiz From the Vault
Featured Blog Post
Where Did the Easter Bunny Come From?
hide this ad
You Might Also Like...
Tags
Basketball Quiz
NBA Quiz
anagrams
D-I Basketball
Fantasy Basketball
KOT4Q
Today's Top Quizzes in Sports
Browse Sports
hide this ad
Today's Top Quizzes in NBA
Browse NBA
Top Contributed Quizzes in Sports
1
2022 World Cup Stars
2
Les entraîneurs de l'OM et du PSG au 21e siècle
3
FIFA Club World Cup Champions
4
Criteria MLB: Left Handed Sluggers
5
Les meilleurs buteurs des matchs entre le PSG et l’OM
6
Name the Premier League winners with different clubs
7
Players with Multiple 50 Home Run Seasons
8
MLB Players with Two .350 Batting Average Seasons
9
La finale Lions - Afrique du Sud 2021
10
MLB Hall of Famer by Rings
Explore More
Trending Topics
Kpop
Marvel
Harry Potter
NBA
Disney
Anime
Crossword
Song
NFL
Soccer
WWE
Pokémon
The Office
Country
Puzzle
hide this ad
More By:
ryanrosa23
Quiz
Plays
Rating
Category
Featured
Created
Can you name the NBA Team by emoji?
93,378
3.16
Sports
Jul 12, 2017
NBA 2017-2018 NBA SEASON QUIZ ** EDITED
78,839
1.61
Sports
Jun 26, 2018
2017 NBA OFFSEASON QUIZ
41,625
1.56
Sports
Sep 25, 2017
Top 50 Greatest NBA Players of All-time
8,730
1.00
Sports
May 31, 2017
LeBron James Quiz (KOT4Q)
3,718
1.33
Sports
May 27, 2017
Go to Creator's Profile
Score Distribution
Quiz Creator Spotlight
ryanrosa23
Follow
Send a Message
Quizzes Created
-
Created Quiz Play Count
-
More By This Creator
Popular Quizzes Today
1
Find the US States - No Outlines Minefield
2
The Countries of the World
3
Popular People in 1961
4
Find the Countries of Europe - No Outlines Minefield
5
1-10 Letter E Words III
6
Find the US States
7
One Thing in Common: World Cities II
8
US States
More Sports Quizzes
Progressively Longer Barcelona Players
Curator's Pick
Trending Quizzes
1-10 Letter F Words
1-10 Letter G Words
Risky Map Clicking: Next State Alphabetically
1-10 Letter F Words II
Risky Map Clicking: States by Unique Starting Letters
Recently Updated
Leaping Animals
pecheneg
Reality TV Shows (A-Z)
bhenderson79
Rickey Henderson's Hall of Fame Teammates
pecheneg
Champions League XIs: Arsenal
pecheneg
Quick Pick: Celebrities in WWE's Hall of Fame
aduchscher
A-Z Keypad Blitz II
pecheneg
Multiple Oscar Actors
pecheneg
Mystery Phrase Blitz: Oscar 'Best Actors'
pecheneg
F. Scott Fitzgerald Novels
LTH
Pick 3 Villains
ddd62291
Trending Topics
Harry Potter
NBA
Anime
Disney
Crossword
Kpop
Marvel
Song
Pokémon
Soccer
WWE
NFL
The Office
Country
Puzzle
Your Account Isn't Verified!
In order to create a playlist on Sporcle, you need to verify the email address you used during registration. Go to your
Sporcle Settings
to finish the process.
Report this User
Report this user for behavior that violates our
Community Guidelines
.
Details:
Send Report
Go to the Sporcle.com Mobile Site →
Comments